Southville International School and Colleges
Your cart is empty.
  • Cart
  • Lists
    Public lists Eva Luna New books Lux_list list_1
    Your lists Log in to create your own lists
  • Log in to your account
  • Your cookies
  • Search history
Southville International School and Colleges
  • Advanced search
  • Recent comments
  • Most popular
  • Libraries

Log in to your account

Log in with GOOGLE


If you do not have an external account, but do have a local account, you can still log in:

  1. Home
  2. MARC view: LAN switching and wireless :
Normal view MARC view ISBD view

LAN switching and wireless : (Record no. 294198)

[ view plain ]
MARC details
000 -LEADER
fixed length control field 00849nam a2200265Ia 4500
008 - FIXED-LENGTH DATA ELEMENTS--GENERAL INFORMATION
fixed length control field 160517s9999 xx 000 0 und d
020 ## - INTERNATIONAL STANDARD BOOK NUMBER
International Standard Book Number 978-981-0697-10-5
050 ## - LIBRARY OF CONGRESS CALL NUMBER
Classification number ComSc TK 5103.8
050 ## - LIBRARY OF CONGRESS CALL NUMBER
Item number .L49 2008
100 ## - MAIN ENTRY--PERSONAL NAME
Personal name Lewis, Wayne.
245 ## - TITLE STATEMENT
Title LAN switching and wireless :
245 ## - TITLE STATEMENT
Remainder of title CCNA exploration companion guide /
245 ## - TITLE STATEMENT
Statement of responsibility, etc Wayne Lewis.
260 ## - PUBLICATION, DISTRIBUTION, ETC. (IMPRINT)
Place of publication, distribution, etc Singapore :
260 ## - PUBLICATION, DISTRIBUTION, ETC. (IMPRINT)
Name of publisher, distributor, etc Person Educ. Asia Pte. Ltd.,
260 ## - PUBLICATION, DISTRIBUTION, ETC. (IMPRINT)
Date of publication, distribution, etc 2008
300 ## - PHYSICAL DESCRIPTION
Extent 497 pages :
300 ## - PHYSICAL DESCRIPTION
Other physical details ill. ;
300 ## - PHYSICAL DESCRIPTION
Dimensions 23 cm.
440 ## - SERIES STATEMENT/ADDED ENTRY--TITLE
Title Cisco Networking Academy series
500 ## - GENERAL NOTE
General note Includes index.
650 ## - SUBJECT ADDED ENTRY--TOPICAL TERM
Topical term or geographic name as entry element Telecomminucation -- Switching systems -- Examinations -- Study guides.
650 ## - SUBJECT ADDED ENTRY--TOPICAL TERM
Topical term or geographic name as entry element Telecommunications engineers -- Certification -- Examination --Study guides.
650 ## - SUBJECT ADDED ENTRY--TOPICAL TERM
General subdivision Wireless LANs -- Examinations -- Study guides.
Holdings
Withdrawn status Lost status Damaged status Home library Current library Shelving location Date acquired Cost, normal purchase price Total Checkouts Full call number Barcode Date last seen Price effective from Koha item type
      South Mansfield College South Mansfield College   02/20/2013 595.00   ComSc TK 5103.8 .L49 2008 SMC05907 05/17/2016 05/17/2016  

LAN switching and wireless :

APA

Lewis W., .LAN switching and wireless. Singapore: .

Chicago

Lewis Wayne, .LAN switching and wireless. Singapore: .

Harvard

Lewis W., .LAN switching and wireless. Singapore: .

MLA

Lewis Wayne, .Singapore: . .

  • Place hold
  • Print
  • Cite
  • Add to your cart (remove)
  • Save record
    BIBTEX Dublin Core MARCXML MARC (non-Unicode/MARC-8) MARC (Unicode/UTF-8) MARC (Unicode/UTF-8, Standard) MODS (XML) RIS
  • More searches
    Search for this title in:
    Other Libraries (WorldCat) Other Databases (Google Scholar) Online Stores (Bookfinder.com) Open Library (openlibrary.org)

Exporting to Dublin Core...

SOUTHVILLE LIBRARY

Southville International School and Colleges Library

1281 Tropical Ave. Cor. Luxembourg St., BF Homes International, Las Pinas City

Tel. No. 8256374 / 252358 Loc. 117/146

Powered by Koha